| 000 | 01111nam a2200313 a 4500 | ||
|---|---|---|---|
| 001 | 000113280 | ||
| 003 | CHAP | ||
| 005 | 20220329144347.0 | ||
| 008 | 170531s2016 mx sm |||||||spa d | ||
| 010 | _a109741 | ||
| 011 | _a110713 | ||
| 040 | _cCHAP | ||
| 090 | _aTesis | ||
| 100 | 1 |
_aJiménez Acosta, Eliut _9132417 |
|
| 245 | 1 | 0 |
_aActividad estral de ovejas criollas en confinamiento _h[En línea] _cpor Eliut Jiménez Acosta. |
| 260 |
_aChapingo, Méx. : _bEl autor, _c2016. |
||
| 500 | _aPara ver el contenido del material haga clic en la liga | ||
| 502 | _aTesis (Ing. Agr. Esp. en Zootecnia) -- UACH. Departamento de Enseñanza Investigación en Zootecnia | ||
| 590 |
_aE5765TAJ _b05 _c20170531 _lUCH01 _h0857 |
||
| 590 |
_aE5765TAJ _b05 _c20170531 _lUCH01 _h0857 |
||
| 650 | 1 | 4 |
_aGanado lanar _xAlojamiento. _945154 |
| 650 | 1 | 4 |
_aGanado lanar _xCiclo estral. _9132418 |
| 650 | 1 | 4 |
_aGanado lanar _xFecundidad. _945181 |
| 650 | 1 | 4 |
_aGanado lanar _xReproducción. _945220 |
| 856 |
_aFinding aid _uhttp://10.13.5.2/tesis/sist113280.pdf _zTeclea aquí |
||
| 901 | _aBK | ||
| 942 | _cTESIS | ||
| 942 | _n0 | ||
| 999 |
_c109741 _d109741 |
||